[Event "Semana Santa LAB Open"]
[Site "Bogota COL"]
[Date "2012.04.05"]
[Round "3"]
[White "Tautiva,C"]
[Black "Nunez V,D"]
[Result "0-1"]
[WhiteElo "2020"]
[BlackElo "2220"]

1.e4 c5 2.Nf3 d6 3.d4 cxd4 4.Nxd4 Nf6 5.Nc3 a6 6.f3 e6 7.Be3 b5 8.Qd2 Nbd7
9.O-O-O Bb7 10.g4 Nb6 11.g5 Nfd7 12.Bd3 Rc8 13.Kb1 Ne5 14.Qe1 Nec4 15.Bc1 g6
16.f4 Bg7 17.Nce2 e5 18.fxe5 Nxe5 19.h4 d5 20.Qb4 Nxd3 21.Rxd3 Rc4 22.Qd2 O-O
23.exd5 Nxd5 24.Rd1 Qc8 25.h5 Nb4 26.hxg6 Nxd3 27.gxh7+ Kh8 28.Qxd3 Re8 29.b3 Be4
30.Qd2 Rc7 31.Bb2 Rd8 32.Rc1 Qg4 33.Qe3 Rdc8 34.Ng3 Bg6 35.Ndf5 Bxb2 36.Kxb2 Rc5
37.Nd4 Kxh7 38.Rh1+ Kg8 39.Rh2 b4 40.Qg1 Qxg5 41.Rg2 Qe5 42.Nf5 Qf6 43.Rg5 Rxc2+  0-1

[Event "Semana Santa LAB Open"]
[Site "Bogota COL"]
[Date "2012.04.06"]
[Round "5"]
[White "Tautiva,C"]
[Black "Rivera,I"]
[Result "1-0"]
[WhiteElo "2020"]
[BlackElo "2169"]

1.e4 c5 2.Nf3 d6 3.d4 cxd4 4.Nxd4 Nf6 5.Nc3 a6 6.f3 e5 7.Nb3 Be7 8.Be3 Be6
9.Qd2 O-O 10.O-O-O b5 11.g4 Nbd7 12.g5 b4 13.Ne2 Ne8 14.f4 a5 15.f5 a4 16.fxe6 axb3
17.exf7+ Rxf7 18.Kb1 Rxa2 19.Nc1 Qa8 20.Nxb3 Kh8 21.Bc4 Rf8 22.Rhf1 Nc5 23.Rxf8+ Bxf8
24.Bxc5 dxc5 25.Qd7 Nd6 26.Rxd6 Bxd6 27.Qxd6 Ra7 28.Qxe5 Qd8 29.Qxc5 Rc7
30.Qxb4  1-0

[Event "Semana Santa LAB Open"]
[Site "Bogota COL"]
[Date "2012.04.06"]
[Round "5"]
[White "Castillejo,Angela Maria"]
[Black "Pena Mora,Carlos"]
[Result "1-0"]
[WhiteElo "2019"]
[BlackElo "1688"]

1.e4 c5 2.Nf3 d6 3.d4 cxd4 4.Nxd4 Nf6 5.Nc3 a6 6.f3 e5 7.Nb3 Be6 8.Bg5 Be7
9.Qd2 Nbd7 10.Be2 O-O 11.O-O Nb6 12.Rad1 Nc4 13.Bxc4 Bxc4 14.Rfe1 b5 15.Bxf6 gxf6
16.Nd5 Bxd5 17.Qxd5 Qb6+ 18.Kh1 Rac8 19.c3 a5 20.Nd2 Qc5 21.Nf1 Qf2 22.Qxb5 Rb8
23.Qe2 Rxb2 24.Qxf2 Rxf2 25.Nd2 d5 26.exd5 Kh8 27.Kg1 Bc5 28.Ne4 Rxf3+ 29.Nxc5 Rxc3
30.Nd7 Rd8 31.Nxf6 Kg7 32.Ng4 f6 33.Re3 Rc4 34.Nf2 Kf7 35.Red3 Rd6 36.Rb3 f5
37.Re3 Kf6 38.g3 h5 39.Rd2 a4 40.Nd1 h4 41.Rc3 Re4 42.Ne3 hxg3 43.hxg3 Rd4
44.Rxd4 exd4 45.Rc6 Rxc6 46.dxc6 dxe3 47.c7 e2 48.Kf2  1-0

[Event "Semana Santa LAB Open"]
[Site "Bogota COL"]
[Date "2012.04.07"]
[Round "7"]
[White "Contreras,H"]
[Black "Camargo,S"]
[Result "1-0"]
[WhiteElo "2252"]
[BlackElo "2003"]

1.e4 c5 2.Nf3 d6 3.d4 cxd4 4.Nxd4 Nf6 5.Nc3 a6 6.f3 e5 7.Nb3 Be6 8.Be3 Be7
9.Qd2 Qc7 10.O-O-O Nbd7 11.g4 b5 12.g5 b4 13.Ne2 Nh5 14.Kb1 a5 15.Ng3 Nxg3
16.hxg3 a4 17.Nc1 Rb8 18.b3 Nc5 19.Rh2 axb3 20.cxb3 O-O 21.Bh3 Bc4 22.Rdh1 Na4
23.Bf1 Bxb3 24.Rxh7  1-0

[Event "Semana Santa LAB Open"]
[Site "Bogota COL"]
[Date "2012.04.08"]
[Round "9"]
[White "Pardo,Alejandro"]
[Black "Perez,Lau"]
[Result "1-0"]
[WhiteElo "2172"]
[BlackElo "1929"]

1.e4 c5 2.Nf3 d6 3.d4 cxd4 4.Nxd4 Nf6 5.Nc3 a6 6.f3 e5 7.Nb3 Be6 8.Be3 Be7
9.Qd2 O-O 10.O-O-O a5 11.a4 Nc6 12.g4 Nb4 13.g5 Ne8 14.Nd5 Bxd5 15.exd5 Rc8
16.c3 Qd7 17.Kb1 Qxa4 18.cxb4 Qxb3 19.bxa5 Nc7 20.Qd3 Qa4 21.Bh3 Ra8 22.Bb6 Na6
23.Rhg1 Bd8 24.Qc2 Qxc2+ 25.Kxc2 Bxb6 26.axb6 Nc5 27.Rg4 Ra4 28.b4 Nd7 29.Rc4 Nxb6
30.Rc7 Ra7 31.Kb3 Rfa8 32.Rd2 g6 33.Bg4 Ra3+ 34.Kc2 Ra2+ 35.Kd1 Rxd2+ 36.Kxd2 Nxd5
37.Rxb7 Ra6 38.b5 Rb6 39.Rxb6 Nxb6 40.Kc3 Kf8 41.Kb4 Ke7 42.Ka5 Nc4+ 43.Ka6 Kd8
44.b6 Na3 45.b7 Kc7 46.Ka7 Nb5+ 47.Ka8  1-0

[Event "I FirstSun Mallorca"]
[Site "Cala Rajada ESP"]
[Date "2012.04.09"]
[Round "1"]
[White "Ali,E"]
[Black "Martinez Romero,M"]
[Result "1/2-1/2"]
[WhiteElo "2349"]
[BlackElo "2363"]

1.e4 c5 2.Nf3 d6 3.d4 cxd4 4.Nxd4 Nf6 5.Nc3 a6 6.f3 e5 7.Nb3 Be7 8.Be3 Be6
9.Qd2 O-O 10.O-O-O a5 11.Bb5 Na6 12.Kb1 Qb8 13.g4 Nc7 14.g5 Nh5 15.a4 Rd8
16.Nd5 Bxd5 17.exd5 Nxb5 18.axb5 a4 19.Na5 Rc8 20.b6 Ra6 21.Qb4 a3 22.b3 g6
23.Nc4 a2+ 24.Ka1 Ng7 25.h4 Nf5 26.Bf2 Bf8 27.c3 Bg7 28.h5 Ra8 29.Rd2 Re8
30.hxg6 hxg6 31.Rxa2 Rxa2+ 32.Kxa2 e4 33.fxe4 Rxe4 34.Rb1 Qd8 35.Qa5 Kh7
36.Rh1+ Kg8 37.Re1 Rg4 38.Qa7 Qc8 39.Qa4 Be5 40.Re2 Kg7 41.Kb1 Qh8 42.Qd7 Qh1+
43.Kb2 Qf3 44.Rc2 Bxc3+ 45.Rxc3 Qxf2+ 46.Rc2 Qd4+ 47.Ka2 Qxd5 48.Rd2 Rd4
49.Rxd4 Nxd4 50.Qxd6 Qg2+ 51.Nb2 Nc6 52.Qc5 Qe4 53.Ka3 Qe1 54.b4 Qe4 55.b5 Nd4
56.Qc4 Qe7+ 57.Ka2 Ne6 58.Qc3+ Kh7 59.Qf6  1/2-1/2

[Event "Paskturneringen Open"]
[Site "Norrkoping SWE"]
[Date "2012.04.09"]
[Round "8"]
[White "Dalmau,Jo"]
[Black "Hedman,E"]
[Result "1/2-1/2"]
[WhiteElo "2134"]
[BlackElo "2392"]

1.e4 c5 2.Nf3 d6 3.d4 cxd4 4.Nxd4 Nf6 5.Nc3 a6 6.f3 e5 7.Nb3 Be7 8.Be3 Be6
9.Qd2 O-O 10.O-O-O a5 11.Qe1 Qc8 12.a4 Na6 13.g4 Nb4 14.g5 Nh5 15.Kb1 Qc7
16.Qf2 f5 17.Bh3 Qc6 18.Qd2 g6 19.Nc1 Ng7 20.Rhg1 Kh8 21.Bf2 Rac8 22.Bf1 d5
23.Bb5 Qc7 24.exd5 Nxd5 25.Nxd5 Bxd5 26.Bb6 Qxb6 27.Qxd5 Qc7 28.Qb3 Rfd8
29.h4 Bc5 30.Rge1 Qe7 31.Nd3 Bd6 32.Nxe5 Bxe5 33.Rxd8+ Rxd8 34.f4 Qe6 35.Bc4 Qe7
36.Rxe5 Qc7 37.Bd3 Nh5 38.Qe6 Rf8 39.Rb5 Nxf4 40.Qe3 Nxd3 41.Qd4+ Kg8 42.Qxd3 f4
43.Qf3 Rf7 44.Rd5 Kf8 45.b3 Ke8 46.c4 Rd7 47.Qe4+ Kf7 48.Rxd7+ Qxd7 49.Kc1 Qg4
50.Qxb7+ Kg8 51.Qd5+ Kg7 52.Qb7+ Kg8 53.Qd5+ Kg7 54.Qb7+  1/2-1/2

[Event "I FirstSun Mallorca"]
[Site "Cala Rajada ESP"]
[Date "2012.04.10"]
[Round "3"]
[White "Ali,E"]
[Black "Otte,Mari"]
[Result "1-0"]
[WhiteElo "2349"]
[BlackElo "2234"]

1.e4 c5 2.Nf3 d6 3.d4 cxd4 4.Nxd4 Nf6 5.Nc3 a6 6.f3 e6 7.Be3 b5 8.Qd2 Nbd7
9.O-O-O Bb7 10.g4 Nb6 11.h4 Rc8 12.Bd3 Nfd7 13.g5 Nc5 14.h5 b4 15.Nce2 d5
16.exd5 Bxd5 17.Kb1 Nxd3 18.Qxd3 Nc4 19.Bc1 Qa5 20.Nb3 Qc7 21.Nf4 Nb6 22.Rhe1 Be7
23.g6 O-O 24.Nd4 e5 25.Nde6 fxe6 26.gxh7+ Kh8 27.Ng6+ Kxh7 28.Nxf8+ Kg8 29.Nxe6 Qc6
30.Ng5 Bxg5 31.Bxg5 Bxf3  1-0

[Event "2nd Women Masters"]
[Site "Jiangsu Wuxi CHN"]
[Date "2012.04.10"]
[Round "1"]
[White "Gu Xiaobing"]
[Black "Ding Yixin"]
[Result "0-1"]
[WhiteElo "2257"]
[BlackElo "2350"]

1.e4 c5 2.Nf3 d6 3.d4 cxd4 4.Nxd4 Nf6 5.Nc3 a6 6.Be3 Ng4 7.Bc1 Nf6 8.f3 e5
9.Nb3 Be6 10.Be3 Be7 11.Qd2 O-O 12.O-O-O Qc7 13.g4 Rc8 14.g5 Nh5 15.Kb1 Nd7
16.Qf2 b5 17.Nd5 Bxd5 18.Rxd5 Rcb8 19.f4 Nxf4 20.Bxf4 exf4 21.Qxf4 Nb6 22.Rd1 Nc4
23.h4 a5 24.Nd4 Qc5 25.Rh3 a4 26.Nf5 Bf8 27.Bxc4 bxc4 28.Nxd6 c3 29.Qxf7+ Kh8
30.Nc4 Rxb2+ 31.Nxb2 Qb4 32.Rxc3 Qxc3 33.Qc4 Qg3 34.Rd3 Qxh4 35.a3 Qxg5 36.Qd5 Qg1+
37.Ka2 Rb8 38.Rd1 Qf2 39.Qc4 g5 40.Qc7 Qb6 41.Qxb6 Rxb6 42.Nxa4 Re6 43.Nc3 h5
44.Kb3 h4 45.Kc4 Bg7 46.Kd5 Re8 47.Nb5 Re5+ 48.Kc6 Rxe4 49.Nd6 Rf4 50.c4 h3
51.c5 g4 52.Kd7 h2 53.c6 g3 54.c7 Rf8 55.Rf1 Ra8 56.Rb1 Kh7 57.Rh1 Kg6 58.Rb1 g2
59.Rb8 g1=Q 60.Rxa8 Qg4+ 61.Kd8 Bf6+  0-1

[Event "Sydney International Open"]
[Site "Parramatta AUS"]
[Date "2012.04.12"]
[Round "4.8"]
[White "Szabo,G ROM"]
[Black "Ovcina,D"]
[Result "1-0"]
[WhiteElo "2553"]
[BlackElo "2220"]

1.e4 c5 2.Nf3 d6 3.d4 Nf6 4.Nc3 cxd4 5.Nxd4 a6 6.Be3 Ng4 7.Bc1 Nf6 8.f3 e5
9.Nb3 Be6 10.Be3 h5 11.Qd2 Nbd7 12.O-O-O Rc8 13.Qe1 Be7 14.Kb1 Qc7 15.Qf2 b5
16.g3 Rb8 17.h4 Nb6 18.Rh2 Nc4 19.Bg5 b4 20.Nd5 Bxd5 21.exd5 O-O 22.Qe2 Rbc8
23.Qxc4 Qxc4 24.Bxc4 Rxc4 25.Na5 Rc5 26.Nc6 Re8 27.Nxb4 e4 28.Re2 exf3 29.Re3 f2
30.Bxf6 gxf6 31.Rf1 Kf8 32.Rxf2 a5 33.Nd3 Rxd5 34.Rfe2 Rb5 35.b3 Rbb8 36.Nf4 d5
37.Nxd5 Bc5 38.Rxe8+ Rxe8 39.Rxe8+ Kxe8 40.Nxf6+ Ke7 41.Nxh5 Bf2 42.Kc1 Ke6
43.Kd2 Kf5 44.Ke2  1-0

[Event "Karposh Open 2012"]
[Site "Skopje MKD"]
[Date "2012.04.12"]
[Round "7.47"]
[White "Matijevic,Filip"]
[Black "Ilic,Zo3"]
[Result "0-1"]
[WhiteElo "2061"]
[BlackElo "2252"]

1.e4 c5 2.Nf3 d6 3.d4 cxd4 4.Nxd4 Nf6 5.Nc3 a6 6.f3 e5 7.Nb3 Be6 8.Be3 Be7
9.Qd2 O-O 10.O-O-O a5 11.Bb5 Na6 12.Na4 Nc7 13.Bb6 Qb8 14.Bd3 Bd7 15.Nc3 a4
16.Na5 Rc8 17.Nc4 Ra6 18.Bf2 b5 19.Ne3 Ra8 20.Ncd5 Nfxd5 21.Nxd5 Nxd5 22.exd5 b4
23.Kb1 b3 24.cxb3 axb3 25.a3 Bb5 26.Rc1 Qb7 27.Bf5 Rc4 28.Bd3 Bg5 29.Bxh7+ Kxh7
30.Qxg5 Rxc1+ 31.Rxc1 Bd3+ 32.Ka1 Rxa3+  0-1

[Event "Historical Melaka Op"]
[Site "Melaka MAS"]
[Date "2012.04.29"]
[Round "8"]
[White "Nolte,R"]
[Black "Mas,H"]
[Result "1/2-1/2"]
[WhiteElo "2456"]
[BlackElo "2377"]

1.e4 c5 2.Nf3 d6 3.d4 cxd4 4.Nxd4 Nf6 5.Nc3 a6 6.f3 Qb6 7.g4 Nc6 8.Nb3 e6
9.Qe2 Qc7 10.Be3 b5 11.O-O-O Bb7 12.Kb1 Ne5 13.g5 Nfd7 14.f4 Nc4 15.Bd4 Ndb6
16.Bg2 O-O-O 17.Qf2 Nd7 18.f5 b4 19.Ne2 e5 20.Be3 Be7 21.c3 Nc5 22.Bxc5 dxc5
23.f6 gxf6 24.gxf6 Bd6 25.Rc1 Kb8 26.Ng3 Qb6 27.Bf1 Na5 28.Nxa5 Qxa5 29.Bc4 Rd7
30.Rhd1 Rhd8 31.Bd5 c4 32.cxb4 Bxb4 33.Rxc4 Bxd5 34.exd5 Rxd5 35.Rxd5 Rxd5
36.a3 Rd1+ 37.Rc1 Rxc1+ 38.Kxc1 Bc5 39.Qe2 Bd4 40.Ne4 Qd5  1/2-1/2

[Event "42nd Bosna Open B"]
[Site "Sarajevo BIH"]
[Date "2012.05.05"]
[Round "1.3"]
[White "Pestek,E"]
[Black "Hodzic,N"]
[Result "0-1"]
[WhiteElo "1996"]
[BlackElo "2263"]

1.e4 c5 2.Nf3 d6 3.d4 cxd4 4.Nxd4 Nf6 5.Nc3 a6 6.f3 e6 7.Be3 b5 8.a3 Nbd7
9.Be2 Bb7 10.O-O Be7 11.Qe1 O-O 12.Qf2 Rc8 13.Rad1 Ne5 14.Rd2 d5 15.exd5 Nxd5
16.Nxd5 Bxd5 17.f4 Nc4 18.Bxc4 bxc4 19.c3 Qc7 20.Rfd1 Rfe8 21.Ne2 Bf8 22.Bd4 f6
23.Qg3 Kh8 24.Qh4 Rb8 25.Ng3 Bc6 26.Re1 Qf7 27.Rde2 Rb5 28.Qh3 Bd7 29.Qh4 Reb8
30.Ne4 Rxb2 31.Rxb2 Rxb2 32.g4 Bc6 33.Nf2 e5 34.Be3 exf4 35.Bd4 Qd5 36.Qh3 Bc5
37.Bxc5 Qxc5 38.Qf1 h5 39.h3 Bf3 40.Re8+ Kh7 41.Qe1 Qb6  0-1

[Event "3rd Forni di Sopra Open"]
[Site "Forni di Sopra ITA"]
[Date "2012.06.18"]
[Round "3.29"]
[White "Marsili,R"]
[Black "Castellano,A"]
[Result "1-0"]
[WhiteElo "2041"]
[BlackElo "1988"]

1.e4 c5 2.Nf3 d6 3.d4 cxd4 4.Nxd4 Nf6 5.Nc3 a6 6.f3 e5 7.Nb3 Be6 8.Be3 Nbd7
9.Qd2 Be7 10.O-O-O Rc8 11.g4 b5 12.Kb1 O-O 13.h4 Nb6 14.h5 Nfd7 15.g5 f5
16.g6 f4 17.gxh7+ Kh8 18.Bf2 Nf6 19.Bxb6 Qxb6 20.Bh3 Bxh3 21.Rxh3 b4 22.Nd5 Nxd5
23.exd5 Bf6 24.Qg2 Qc7 25.Rh2 a5 26.Rc1 e4 27.Nd2 a4 28.Nxe4 Be5 29.Rhh1 Qb6
30.Qf2 Bd4 31.Qg2 Bxb2 32.Kxb2 a3+ 33.Ka1 Qd4+ 34.c3 bxc3 35.Rhd1 Qa4 36.h6 gxh6
37.Rg1 Qd4 38.Qf2 Rf7  1-0

[Event "ch-Pan Americano U20 2012"]
[Site "Sao Paulo BRA"]
[Date "2012.06.30"]
[Round "3.25"]
[White "Stone,Ronnie Frank Pires"]
[Black "Amato De Vercosa Cha,Joao Pedro"]
[Result "1/2-1/2"]
[WhiteElo "1928"]
[BlackElo "1878"]

1.e4 c5 2.Nf3 d6 3.d4 cxd4 4.Nxd4 Nf6 5.Nc3 a6 6.Be3 Ng4 7.Bc1 Nf6 8.f3 Qb6
9.Nb3 Nc6 10.Qe2 Qc7 11.Be3 b5 12.Qf2 g6 13.g4 h6 14.a4 b4 15.Ne2 Bg7 16.Ned4 Nxd4
17.Bxd4 O-O 18.Bd3 Nd7 19.Bxg7 Kxg7 20.Qd4+ Kh7 21.Qxb4 Ne5 22.Nd2 Rb8 23.Qd4 Qa5
24.Rf1 Rb4 25.Qd5 Qxd5 26.exd5 Nxd3+ 27.cxd3 Rxb2 28.Ke2 Bb7 29.Rfb1 Rxb1
30.Rxb1 Bxd5 31.Rb6 Kg7 32.Rxa6 Ra8 33.Rxa8 Bxa8 34.a5 Bb7 35.f4 Kf6 36.Ke3 Ke6
37.Kd4 Kd7 38.Ne4 Kc6 39.Nc3 e6 40.h4 Ba6 41.g5 h5 42.Ne4 Bb7 43.Nc3 Ba6  1/2-1/2

[Event "52nd Pacific Southwest Open"]
[Site "Woodland Hills USA"]
[Date "2012.06.30"]
[Round "2"]
[White "Viswanadha,Kesav"]
[Black "Bryant,J"]
[Result "0-1"]
[WhiteElo "2015"]
[BlackElo "2377"]

1.e4 c5 2.Nf3 d6 3.d4 cxd4 4.Nxd4 Nf6 5.Nc3 a6 6.f3 e5 7.Nb3 Be7 8.Be3 Be6
9.Qd2 O-O 10.O-O-O Nbd7 11.g4 b5 12.g5 b4 13.Ne2 Ne8 14.f4 a5 15.f5 a4 16.Nbd4 exd4
17.Nxd4 b3 18.Kb1 bxc2+ 19.Nxc2 Bb3 20.axb3 axb3 21.Na3 Ne5 22.h4 Ra4 23.Bd4 Qa8
24.Qe3 Nc7 25.f6 gxf6 26.gxf6 Bxf6 27.Rg1+ Kh8 28.Qh6 Qd8 29.Bb6 Ng6 30.Bxc7 Qxc7
31.Rxg6 Rc8 32.Rg2 Qe7 33.e5 Qxe5 34.Bd3 Rxh4 35.Rc1 Ra8 36.Qd2 Qd5 37.Qe2 Rd4
38.Re1 Rg8 39.Rxg8+ Kxg8 40.Rg1+ Kf8 41.Rd1 h5 42.Nb5 Ra4 43.Qe8+ Kxe8 44.Nc7+ Kf8
45.Nxd5 Be5 46.Be2 h4 47.Bf3 h3 48.Rd3 h2 49.Rxb3 Rh4 50.Bh1 Rg4 51.Rb8+ Kg7
52.Rc8 Rg1+ 53.Rc1 Bg3 54.Kc2 Be1 55.Bf3 Rf1 56.Ne7 Kf8 57.Nf5 Rxf3 58.Rxe1 Rxf5
59.Rh1 Rh5 60.b4 Ke7 61.Kc3 Kd7 62.Kc4 Kc6 63.b5+ Kb6  0-1

[Event "ch-SLO w 2012"]
[Site "Ljubljana SLO"]
[Date "2012.07.04"]
[Round "5.4"]
[White "Bucar,N"]
[Black "Skuhala,B"]
[Result "1-0"]
[WhiteElo "2026"]
[BlackElo "1773"]

1.e4 c5 2.Nf3 d6 3.d4 cxd4 4.Nxd4 Nf6 5.Nc3 a6 6.f3 e5 7.Nb3 Be7 8.Be3 Be6
9.Qd2 O-O 10.O-O-O Nbd7 11.g4 b5 12.h4 Nb6 13.Qf2 Na4 14.Nd5 Bxd5 15.exd5 Rc8
16.Kb1 Qc7 17.g5 Nh5 18.Bh3 Rb8 19.Bg4 Nf4 20.Bxf4 exf4 21.Nd4 Qc5 22.Qe1 Rfe8
23.Bd7 Rf8 24.Qxe7 Qc7 25.Ne6 Qc4 26.Rd4 Qe2 27.Rxf4 Qe5 28.c3 b4 29.Bxa4 bxc3
30.Bb3 Qe2 31.bxc3 Qd3+ 32.Kb2 Qd2+ 33.Ka3 Qxc3 34.Qc7  1-0

[Event "Mulhouse WIM 2012"]
[Site "Mulhouse FRA"]
[Date "2012.07.04"]
[Round "4.5"]
[White "Frey,Al"]
[Black "Neuhauser,S"]
[Result "1-0"]
[WhiteElo "2047"]
[BlackElo "2067"]

1.e4 c5 2.Nf3 d6 3.d4 cxd4 4.Nxd4 Nf6 5.Nc3 a6 6.f3 e6 7.Be3 Be7 8.Qd2 b5
9.O-O-O Bb7 10.g4 Nbd7 11.g5 Nh5 12.Rg1 Rc8 13.Kb1 Nb6 14.Qe1 Qc7 15.Bd3 b4
16.Nce2 d5 17.e5 Qxe5 18.Nf5 Bc5 19.Bxc5 Rxc5 20.Qxb4 Qc7 21.Nfd4 Nd7 22.Nb3 Rc6
23.f4 Rb6 24.Qd4 O-O 25.f5 e5 26.Qh4 g6 27.Ng3 e4 28.Nxh5 exd3 29.Rxd3 gxh5
30.Qxh5 Rc8 31.Rc3 Qe5 32.f6 Qf5 33.Re1 Rxf6 34.Rxc8+ Bxc8 35.Re8+ Nf8 36.Rxc8 Re6
37.Qd1 Qf2 38.Qxd5 Re1+ 39.Nc1 Qe3 40.a4 Rxc1+ 41.Ka2 Qe6 42.Qxe6 fxe6 43.b4 e5
44.b5 axb5 45.axb5 Kf7 46.b6 Nd7 47.b7 Ke6 48.Kb2 Rd1 49.Re8+ Kd6 50.Rd8  1-0

[Event "35th Barbera Open A"]
[Site "Barbera del Valles ESP"]
[Date "2012.07.08"]
[Round "5.6"]
[White "Aroshidze,L"]
[Black "Fernandez Cardoso,A"]
[Result "1/2-1/2"]
[WhiteElo "2580"]
[BlackElo "2427"]

1.e4 c5 2.Nf3 d6 3.d4 cxd4 4.Nxd4 Nf6 5.Nc3 a6 6.f3 e5 7.Nb3 Be6 8.Be3 h5
9.Qd2 Nbd7 10.O-O-O Be7 11.Kb1 b5 12.Nd5 Bxd5 13.exd5 Nb6 14.Bxb6 Qxb6 15.Na5 Rc8
16.Nc6 Nxd5 17.Nxe7 Nxe7 18.Qxd6 Qxd6 19.Rxd6 Nc6 20.c3 Ke7 21.Rd1 f5 22.Bd3 g6
23.a4 Rb8 24.axb5 axb5 25.b4 h4 26.Rd2 Rhd8 27.Rhd1 Rb7 28.Bc2 Rxd2 29.Rxd2 Rd7
30.Kc1 Na7 31.Bd3 Rd5 32.Be2 Rxd2 33.Kxd2 Kd6 34.Ke3 Kc6 35.f4 e4 36.c4 Nc8
37.Kd4 Nb6 38.cxb5+ Kd6 39.g3 hxg3 40.hxg3 Nd5 41.Bc4 Nxb4 42.Bf7 Nc2+ 43.Kc3 Ne3
44.Bxg6 Nf1 45.g4 e3 46.Kd3 fxg4 47.b6 Kc6 48.f5 e2  1/2-1/2

[Event "87th ch-Paris IdF Open"]
[Site "Paris FRA"]
[Date "2012.07.09"]
[Round "3.16"]
[White "Bonnet,E1"]
[Black "Carstensen,J"]
[Result "1/2-1/2"]
[WhiteElo "2255"]
[BlackElo "2352"]

1.e4 c5 2.Nf3 d6 3.d4 cxd4 4.Nxd4 Nf6 5.Nc3 a6 6.f3 e5 7.Nb3 Be6 8.Be3 Nbd7
9.g4 b5 10.g5 Nh5 11.Qd2 Nb6 12.Nd5 Bxd5 13.exd5 g6 14.Na5 Bg7 15.O-O-O O-O
16.Nc6 Qc7 17.Qa5 Nxd5 18.Qxc7 Nxc7 19.Rxd6 Ne6 20.Nb4 Nhf4 21.h4 Nc7 22.Bb6 Nce6
23.Be3 Nc7 24.Bxf4 exf4 25.Bh3 Rfd8 26.Rc6 Nd5 27.Nxd5 Rxd5  1/2-1/2

[Event "86th ch-ARG 2012"]
[Site "La Plata ARG"]
[Date "2012.07.10"]
[Round "9.33"]
[White "Martinez,Luciana"]
[Black "Paolini,Claudio"]
[Result "0-1"]
[WhiteElo "1488"]
[BlackElo "1915"]

1.e4 c5 2.Nf3 d6 3.d4 cxd4 4.Nxd4 Nf6 5.Nc3 a6 6.f3 e5 7.Nf5 Bxf5 8.exf5 d5
9.Bg5 Bb4 10.a3 Bxc3+ 11.bxc3 Nbd7 12.f4 Qa5 13.Qd2 Ne4 14.Qe3 Rc8 15.Bd3 Qxc3+
16.Ke2 Nxg5 17.fxg5 O-O 18.Rab1 e4 19.Rb3 exd3+  0-1

[Event "35th Barbera Open A"]
[Site "Barbera del Valles ESP"]
[Date "2012.07.11"]
[Round "8.3"]
[White "Quesada Perez,Yu"]
[Black "Guerra Mendez,J"]
[Result "1/2-1/2"]
[WhiteElo "2626"]
[BlackElo "2428"]

1.e4 c5 2.Nf3 d6 3.d4 cxd4 4.Nxd4 Nf6 5.Nc3 a6 6.Be3 Ng4 7.Bc1 Nf6 8.f3 e5
9.Nb3 Be6 10.Be3 h5 11.Qd2 Nbd7 12.O-O-O Be7 13.g3 O-O 14.Nd5 Nxd5 15.exd5 Bf5
16.Bd3 Bxd3 17.Qxd3 Bg5 18.f4 Bh6 19.Kb1 Re8 20.Rhf1 Rc8 21.Bc1 Qc7 22.c3 exf4
23.gxf4 Nc5 24.Qf3 Nxb3 25.axb3 Qe7 26.Qxh5 Qe4+ 27.Ka2 Rc5 28.b4 Qc4+ 29.Kb1 Qe4+
30.Ka1 Ra5+ 31.bxa5 Qa4+ 32.Kb1 Qe4+ 33.Ka1  1/2-1/2

[Event "20th Metropolitan IM"]
[Site "Los Angeles USA"]
[Date "2012.07.12"]
[Round "2"]
[White "Viswanadha,Kesav"]
[Black "Matikozian,A"]
[Result "0-1"]
[WhiteElo "2015"]
[BlackElo "2407"]

1.e4 c5 2.Nf3 d6 3.d4 cxd4 4.Nxd4 Nf6 5.Nc3 a6 6.f3 e5 7.Nb3 Be6 8.Be3 Nbd7
9.g4 Nb6 10.g5 Nh5 11.Nd5 Nxd5 12.exd5 Bf5 13.Bd3 Bxd3 14.Qxd3 Be7 15.h4 O-O
16.O-O-O Rc8 17.Kb1 g6 18.Rhg1 f6 19.gxf6 Rxf6 20.Bg5 Rf7 21.Nd2 Bxg5 22.Rxg5 Nf4
23.Qa3 Qc7 24.Qb3 Nxd5 25.h5 Nf4 26.hxg6 hxg6 27.c4 Kg7 28.Ne4 Rd7 29.c5 dxc5
30.Rxd7+ Qxd7 31.Rxe5 c4 32.Qc2 Rd8 33.Nc3 b5 34.Re4 Re8 35.Rxe8 Qxe8 36.Ne4 Qe5
37.a4 Nd3 38.axb5 axb5 39.Qc3 b4 40.Qxe5+ Nxe5 41.Nd2 g5 42.Kc2 Kg6 43.Kd1 Kf5
44.Ke2 Kf4 45.Kf2 Nd3+  0-1

[Event "Turkish Bank Chess League 2012"]
[Site "Konya TUR"]
[Date "2012.07.14"]
[Round "4"]
[White "Yasin,H"]
[Black "Nyzhnyk,I"]
[Result "0-1"]
[WhiteElo "2129"]
[BlackElo "2599"]

1.e4 c5 2.Nf3 d6 3.d4 cxd4 4.Nxd4 Nf6 5.Nc3 a6 6.f3 e5 7.Nb3 Be6 8.Be3 Nbd7
9.Qd2 Rc8 10.g4 Be7 11.g5 Nh5 12.Rg1 Nb6 13.Qf2 Nc4 14.Bxc4 Bxc4 15.Bb6 Qd7
16.Na5 Be6 17.O-O-O Nf4 18.Qe3 Rxc3 19.bxc3 Qa4 20.Kd2 O-O 21.Nb3 Rc8 22.Nc1 d5
23.Ne2 Nxe2 24.Kxe2 d4 25.Bxd4 exd4 26.cxd4 Rxc2+ 27.Rd2 Bb4 28.Rd1 Bc4+  0-1

[Event "III Maravilhosa Open 2012"]
[Site "Laranjeiras BRA"]
[Date "2012.07.14"]
[Round "4.18"]
[White "Mathow,H"]
[Black "Caporale,G"]
[Result "0-1"]
[WhiteElo "1910"]
[BlackElo "1798"]

1.e4 c5 2.Nf3 d6 3.d4 cxd4 4.Nxd4 Nf6 5.Nc3 a6 6.f3 e5 7.Nb3 Be6 8.Be3 Nbd7
9.Qd2 b5 10.O-O-O Nb6 11.g4 b4 12.Bxb6 Qxb6 13.Nd5 Bxd5 14.exd5 a5 15.g5 Nh5
16.Re1 Be7 17.Kb1 Nf4 18.h4 O-O 19.Nc1 a4 20.Ne2 Nxe2 21.Rxe2 b3 22.Bh3 bxa2+
23.Kxa2 Rfb8 24.Rb1 Qc7 25.Re3 Qc4+ 26.Ka1 Qxh4 27.Qg2 Qxg5 28.Qxg5 Bxg5
29.Rc3 Bd2 30.Rc6 Bb4 31.Rg1 Bc5 32.Rg2 Ra7 33.Ka2 Rab7 34.Rc8+ Rxc8 35.Bxc8 Rc7
36.Bg4 g6 37.Re2 f5 38.Bh3 Kf7 39.Rh2 Kf6 40.Bg2 g5  0-1

[Event "16th Godesburg Open"]
[Site "Bad Godesberg GER"]
[Date "2012.07.15"]
[Round "9.10"]
[White "Krueger,Mi"]
[Black "Krebs,D"]
[Result "0-1"]
[WhiteElo "1993"]
[BlackElo "2129"]

1.e4 c5 2.Nf3 d6 3.d4 cxd4 4.Nxd4 Nf6 5.Nc3 a6 6.f3 e5 7.Nb3 Be6 8.Be3 Be7
9.Be2 Nbd7 10.Nd5 Nxd5 11.exd5 Bf5 12.O-O O-O 13.Qd2 Bg6 14.Rfd1 Rc8 15.c4 f5
16.f4 Bf6 17.Rac1 b6 18.Rc2 Re8 19.Bd3 Nc5 20.Nxc5 bxc5 21.b4 exf4 22.Bxf4 Bd4+
23.Kh1 Rb8 24.b5 axb5 25.cxb5 Ra8 26.Bc4 Ra3 27.Re1 Re4 28.Bb3 Ra8 29.a4 Qe7
30.Rxe4 fxe4 31.Be3 Qf6 32.Rc1 Rf8 33.Bc4 Bxe3 34.Qxe3 Qd4 35.Qe1 e3 36.b6 Be4
37.Qg3 Qxc4  0-1

[Event "27th Avoine Open"]
[Site "Avoine FRA"]
[Date "2012.07.28"]
[Round "8.10"]
[White "Duboue,P"]
[Black "Perrin,G"]
[Result "1/2-1/2"]
[WhiteElo "2189"]
[BlackElo "2349"]

1.e4 c5 2.Nf3 d6 3.d4 cxd4 4.Nxd4 Nf6 5.Nc3 a6 6.f3 e5 7.Nb3 Be6 8.Be3 Nbd7
9.Qd2 b5 10.a4 b4 11.Nd5 Bxd5 12.exd5 Nb6 13.Bxb6 Qxb6 14.a5 Qb7 15.Bc4 Be7
16.Ra4 Rb8 17.Qd3 Ra8 18.Qd2 Rb8 19.Qd3 O-O 20.O-O Ra8 21.Kh1 Nh5 22.Nc1 Nf4
23.Qd2 Rab8 24.Rd1 Rfc8 25.b3 Bg5 26.Qf2 Rc5 27.Qe1 Bd8 28.Ne2 Nxe2 29.Qxe2 Rxa5
30.Rxa5 Bxa5 31.Bxa6 Qa7 32.Bd3 Bd8 33.f4 Bf6 34.Qe4 g6 35.f5 Qf2 36.fxg6 hxg6
37.Rf1 Qh4 38.Qf3 Kg7 39.g3 Qg5 40.h4 Rh8 41.Kg1 e4 42.hxg5 Bd4+ 43.Kg2 exf3+
44.Kxf3 Re8 45.Be4 Re5 46.Kf4 Bb6 47.Ra1 Bd8 48.Ra7 Bxg5+ 49.Kf3 Re7  1/2-1/2

[Event "23rd Czech Open A"]
[Site "Pardubice CZE"]
[Date "2012.07.28"]
[Round "9.34"]
[White "Toth,E"]
[Black "Tokmachev,M"]
[Result "1-0"]
[WhiteElo "2477"]
[BlackElo "2332"]

1.e4 c5 2.Nf3 d6 3.d4 cxd4 4.Nxd4 Nf6 5.Nc3 a6 6.f3 e5 7.Nb3 Be7 8.Be3 O-O
9.Qd2 Be6 10.O-O-O Nbd7 11.g4 b5 12.g5 b4 13.Nd5 Nxd5 14.exd5 Bf5 15.Rg1 a5
16.Kb1 Qc7 17.Bd3 Bxd3 18.Qxd3 Rfc8 19.Rg4 a4 20.Nd2 Ra5 21.Rc4 Qb7 22.Ne4 f5
23.gxf6 Nxf6 24.Rxc8+ Qxc8 25.c4 bxc3 26.Nxc3 Qh3 27.Qc4 Ra8 28.Qc7 Bf8 29.Qb7 Re8
30.Re1 Qxf3 31.Qb4 Ra8 32.Bc1 Qd3+ 33.Ka1 Nxd5 34.Nxd5 Qxd5 35.a3 Qb3 36.Qg4 Rb8
37.h4 Be7 38.Re3 Qf7 39.Qxa4 Qf1 40.Rc3 Bf6 41.Qd7 Rd8 42.Qe6+ Kh8 43.Ka2 Bxh4
44.a4 Qf8 45.Qd5 Qg8 46.Qxg8+ Kxg8 47.Rc7 Bf2 48.b4 e4 49.Rb7 d5 50.b5 Bc5
51.Rc7 Bb6 52.Rc6 Ba5 53.Ra6 Bc3 54.Kb3 d4 55.Re6 Ba5 56.Ra6 Rc8 57.Bf4 Rc3+
58.Kb2 Bc7 59.Bxc7 Rxc7 60.b6 Rc4 61.Kb3 Rc1 62.Ra8+ Kf7 63.Ra7+ Kf6 64.b7 Rb1+
65.Kc2 Rb4 66.a5 e3 67.Ra6+ Kf5 68.Rb6 e2 69.Kd2  1-0

[Event "23rd Czech Open A"]
[Site "Pardubice CZE"]
[Date "2012.07.28"]
[Round "9.94"]
[White "Zakhartsov,Vl"]
[Black "Poleg,Matan"]
[Result "1-0"]
[WhiteElo "2271"]
[BlackElo "2037"]

1.e4 c5 2.Nf3 d6 3.d4 cxd4 4.Nxd4 Nf6 5.Nc3 a6 6.f3 e5 7.Nb3 Be6 8.Be3 Be7
9.Qd2 h5 10.O-O-O Nbd7 11.Kb1 Rc8 12.g3 Qc7 13.Nd5 Nxd5 14.exd5 Bf5 15.Bd3 Bxd3
16.Qxd3 Qc4 17.Qxc4 Rxc4 18.Na5 Rc7 19.c4 f5 20.b4 Kf7 21.c5 Nf6 22.Bg5 Nxd5
23.Bxe7 Nc3+ 24.Kc2 Nxd1 25.Bxd6 Ne3+ 26.Kd3 Nd5 27.Bxc7 Nxc7 28.Nxb7 h4
29.g4 fxg4 30.fxg4 Ke6 31.Nd6 Rd8 32.Ke2 Rb8 33.a3 a5 34.Rb1 Nd5 35.Kd3 axb4
36.axb4 Rxb4 37.Rxb4 Nxb4+ 38.Kc4 Nd5 39.Nf5 e4 40.Kd4 g5 41.Ng7+ Kf6 42.Nf5 Ke6
43.Ne3 Nf6 44.c6 Kd6 45.c7 Kxc7 46.Ke5 Nh7 47.Kxe4 Kd6 48.Kf5 h3 49.Nd1 Kd5
50.Nf2 Kd6 51.Nxh3 Ke7 52.Nxg5 Nf6 53.h4 Nd5 54.h5 Ne3+ 55.Kf4 Nd5+ 56.Ke4 Nc7
57.Kf5 Nd5 58.h6 Kf8 59.Ne6+ Kf7 60.h7 Ne7+ 61.Kg5 Ng6 62.Kh6 Nh8 63.Nd8+ Kf6
64.g5+ Kf5 65.Kg7 Ng6 66.Nf7  1-0